[Event "SRB-chT2 East"]
[Site "Serbia"]
[Date "2017.10.08"]
[Round "11.3"]
[White "Todorovic, Bojan"]
[Black "Djukic, Slobodan D"]
[Result "1/2-1/2"]
[WhiteElo "2351"]
[BlackElo "2176"]
[PlyCount "53"]
[EventDate "2017.09.08"]
[EventType "team-tourn"]
[EventRounds "11"]
[EventCountry "SRB"]
[SourceTitle "EXT 2022"]
[Source "ChessBase"]
[SourceDate "2021.10.06"]
[SourceVersion "1"]
[SourceVersionDate "2021.10.06"]
[SourceQuality "1"]

1. Nf3 Nf6 2. c4 g6 3. Nc3 Bg7 4. d4 d6 5. e4 0-0 6. Be2 e5 7. 0-0 Nc6 8. d5 Ne7 9. Nd2 Ne8 10. b4 a5 11. bxa5 c5 12. dxc6 Nxc6 13. Nb3 f5 14. Be3 Nxa5 15. Nd5 Nc6 16. Nb6 Rb8 17. Nxc8 Rxc8 18. c5 Nd4 19. Nxd4 exd4 20. Bxd4 dxc5 21. Qb3+ Kh8 22. Bxg7+ Nxg7 23. Qxb7 Rc7 24. Qd5 Qe7 25. Rad1 fxe4 26. Bg4 Nf5 27. Bxf5 1/2-1/2

[Event "SRB-chT2 East"]
[Site "Serbia"]
[Date "2017.10.07"]
[Round "10.5"]
[White "Djukic, Slobodan D"]
[Black "Radivojevic, Milan Z"]
[Result "1-0"]
[WhiteElo "2176"]
[BlackElo "2083"]
[PlyCount "45"]
[EventDate "2017.09.08"]
[EventType "team-tourn"]
[EventRounds "11"]
[EventCountry "SRB"]
[SourceTitle "EXT 2022"]
[Source "ChessBase"]
[SourceDate "2021.10.06"]
[SourceVersion "1"]
[SourceVersionDate "2021.10.06"]
[SourceQuality "1"]

1. e4 c5 2. Nf3 e6 3. d4 cxd4 4. Nxd4 Nc6 5. Nc3 Qc7 6. Be2 a6 7. 0-0 Nf6 8. Be3 Bb4 9. Na4 Be7 10. Nxc6 bxc6 11. Nb6 Rb8 12. Nxc8 Qxc8 13. Bd4 Qc7 14. e5 Nd5 15. c4 Nf4 16. Bf3 0-0 17. Be4 f5 18. exf6 gxf6 19. Qg4+ Kh8 20. Qh4 Rf7 21. Rfe1 e5 22. Bc3 f5 23. Qxf4 1-0

[Event "SRB-chT2 East"]
[Site "Serbia"]
[Date "2017.09.08"]
[Round "1.4"]
[White "Djukic, Slobodan D"]
[Black "Terzic, Goran"]
[Result "0-1"]
[WhiteElo "2176"]
[BlackElo "2217"]
[PlyCount "95"]
[EventDate "2017.09.08"]
[EventType "team-tourn"]
[EventRounds "11"]
[EventCountry "SRB"]
[SourceTitle "EXT 2022"]
[Source "ChessBase"]
[SourceDate "2021.10.06"]
[SourceVersion "1"]
[SourceVersionDate "2021.10.06"]
[SourceQuality "1"]

1. d4 Nc6 2. Nf3 d6 3. e4 Nf6 4. Nc3 Bg4 5. Be3 e5 6. d5 Nb8 7. h3 Bh5 8. g4 Bg6 9. Nd2 Be7 10. Bg2 Nfd7 11. Nc4 h6 12. Qd2 Bg5 13. 0-0-0 a5 14. a4 Na6 15. b3 Nb4 16. Kb2 Nc5 17. f3 0-0 18. h4 Bxe3 19. Qxe3 f6 20. Bf1 Be8 21. Be2 Kh7 22. f4 exf4 23. Qxf4 Nd7 24. Ne3 Qe7 25. Nb5 Na6 26. c3 Ndc5 27. Nd4 Bg6 28. Ne6 Nxe6 29. dxe6 Qxe6 30. Nf5 Nc5 31. Bc4 Qxe4 32. Qxe4 Nxe4 33. Rhf1 Rfe8 34. Nd4 Nc5 35. Nb5 Re7 36. Rfe1 Rae8 37. Rxe7 Rxe7 38. Ka3 Be8 39. Nd4 Re3 40. Kb2 Bd7 41. Rg1 c6 42. g5 d5 43. gxf6 gxf6 44. Be2 Ne6 45. Bh5 Nf4 46. Bd1 c5 47. Nc2 Rh3 48. Re1 0-1

[Event "SRB-chT2 East"]
[Site "Vrnjacka Banja"]
[Date "2015.10.08"]
[Round "6.35"]
[White "Djukic, Slobodan D"]
[Black "Terzic, Goran"]
[Result "0-1"]
[WhiteElo "2127"]
[BlackElo "2267"]
[PlyCount "100"]
[EventDate "2015.08.28"]
[EventType "team-tourn"]
[EventRounds "11"]
[EventCountry "SRB"]
[SourceTitle "EXT 2022"]
[Source "ChessBase"]
[SourceDate "2021.10.06"]
[SourceVersion "1"]
[SourceVersionDate "2021.10.06"]
[SourceQuality "1"]

1. d4 Nc6 2. d5 Ne5 3. e4 Ng6 4. f4 e5 5. dxe6 fxe6 6. Nf3 Bc5 7. Nc3 Nf6 8. e5 Ng4 9. Ne4 Ne3 10. Bxe3 Bxe3 11. g3 0-0 12. Qd3 Bb6 13. 0-0-0 Qe7 14. Nfg5 h6 15. Nf3 Rd8 16. Bh3 Nf8 17. Rhe1 a5 18. g4 d5 19. exd6 cxd6 20. f5 d5 21. Ng3 Bc7 22. fxe6 Bxe6 23. g5 hxg5 24. Bxe6+ Nxe6 25. Nd4 Ra6 26. Qe2 Re8 27. Nxe6 Rxe6 28. Qxe6+ Qxe6 29. Rxe6 Bf4+ 30. Kb1 Rxe6 31. a4 Re5 32. Rd3 b6 33. Rb3 Be3 34. h3 Bf4 35. Rd3 Kf7 36. c3 Ke6 37. Kc2 Re1 38. Nh5 Re2+ 39. Kb1 g6 40. Ng3 Rh2 41. Nf1 Rh1 42. Rf3 Ke5 43. Kc2 Ke4 44. Rf2 Rxh3 45. Nd2+ Bxd2 46. Kxd2 g4 47. Ke2 Re3+ 48. Kd2 Rf3 49. Re2+ Kf5 50. Ke1 g3 0-1

[Event "SRB-chT2 East"]
[Site "Vrnjacka Banja"]
[Date "2015.08.28"]
[Round "1.4"]
[White "Ivic, Matija"]
[Black "Djukic, Slobodan D"]
[Result "1/2-1/2"]
[WhiteElo "2172"]
[BlackElo "2127"]
[PlyCount "50"]
[EventDate "2015.08.28"]
[EventType "team-tourn"]
[EventRounds "11"]
[EventCountry "SRB"]
[SourceTitle "EXT 2022"]
[Source "ChessBase"]
[SourceDate "2021.10.06"]
[SourceVersion "1"]
[SourceVersionDate "2021.10.06"]
[SourceQuality "1"]

1. d4 Nf6 2. c4 e6 3. g3 d5 4. Nf3 c6 5. Qc2 Be7 6. Bg2 0-0 7. 0-0 Nbd7 8. Nbd2 Re8 9. e4 Nf8 10. e5 N6d7 11. Rd1 f6 12. exf6 Bxf6 13. Nf1 Qe7 14. Ne3 Qf7 15. Ng4 Qg6 16. Nxf6+ gxf6 17. Qc3 dxc4 18. Qxc4 Nb6 19. Qe2 Nd5 20. Nh4 Qf7 21. Be4 Bd7 22. f4 Ng6 23. Nf3 Qg7 24. Kh1 Rad8 25. Be3 Bc8 1/2-1/2

[Event "Pozarevac-ch"]
[Site "Pozarevac"]
[Date "2014.12.26"]
[Round "1"]
[White "Maksimovic, Branimir"]
[Black "Djukic, Slobodan D"]
[Result "1-0"]
[WhiteElo "2379"]
[BlackElo "2171"]
[PlyCount "97"]
[EventDate "2014.12.26"]
[EventType "swiss"]
[EventRounds "5"]
[EventCountry "SRB"]
[SourceTitle "CBM 164 Extra"]
[Source "ChessBase"]
[SourceDate "2015.03.02"]
[SourceVersion "1"]
[SourceVersionDate "2015.03.02"]
[SourceQuality "1"]

1. d4 Nf6 2. c4 g6 3. Nc3 Bg7 4. e4 d6 5. h3 0-0 6. Bg5 h6 7. Be3 e5 8. d5 Nbd7 9. Bd3 Nc5 10. Bc2 a5 11. Qd2 Ncxe4 12. Bxe4 Nxe4 13. Nxe4 f5 14. Bxh6 fxe4 15. Be3 c6 16. Ne2 Qe7 17. Nc3 Bf5 18. g4 Bd7 19. 0-0-0 c5 20. Nxe4 Ra6 21. Qe2 Rb8 22. h4 b5 23. h5 bxc4 24. Bg5 Qf7 25. h6 Bh8 26. h7+ Kf8 27. Rh3 Ke8 28. Bf6 Qf8 29. Rd2 Bb5 30. Qf3 c3 31. Qxc3 Kd7 32. Qf3 Kc7 33. Bxh8 Qxh8 34. Qf7+ Bd7 35. Nf6 Rd8 36. Rb3 Kc8 37. Nxd7 Rxd7 38. Rb8+ Kxb8 39. Qxd7 Rb6 40. Qf7 Ka8 41. f3 e4 42. fxe4 Rb8 43. Qc7 Rb7 44. Qxd6 Qxh7 45. Rh2 Qg7 46. Qd8+ Ka7 47. Qxa5+ Kb8 48. Qc3 Qf7 49. Rh8+ 1-0

[Event "SRB-chT Central"]
[Site "Kraljevo"]
[Date "2014.09.14"]
[Round "3.6"]
[White "Djukic, Slobodan D"]
[Black "Blesic, Vaso"]
[Result "1/2-1/2"]
[WhiteElo "2195"]
[BlackElo "2366"]
[PlyCount "78"]
[EventDate "2014.09.13"]
[EventType "team-tourn"]
[EventRounds "11"]
[EventCountry "SRB"]
[SourceTitle "CBM 162 Extra"]
[Source "ChessBase"]
[SourceDate "2014.10.17"]
[SourceVersion "1"]
[SourceVersionDate "2014.10.17"]
[SourceQuality "1"]
[WhiteTeam "Veliko Gradiste"]
[BlackTeam "Ub"]
[WhiteTeamCountry "SRB"]
[BlackTeamCountry "SRB"]

1. e4 c5 2. Nf3 g6 3. d4 cxd4 4. Nxd4 Nc6 5. Be3 Nf6 6. Nc3 Bg7 7. Bc4 0-0 8. Bb3 a5 9. a4 d6 10. h3 Bd7 11. 0-0 Nxd4 12. Bxd4 Bc6 13. Qd3 Nd7 14. Bxg7 Kxg7 15. Qd4+ f6 16. Bd5 Qb6 17. Qxb6 Nxb6 18. Bxc6 bxc6 19. b3 f5 20. f3 f4 21. Rfd1 g5 22. Ne2 c5 23. Nc3 Nd7 24. Nd5 Kf7 25. h4 h6 26. hxg5 hxg5 27. Kf2 Ne5 28. Rh1 Rh8 29. g3 fxg3+ 30. Kxg3 Raf8 31. Ne3 Ke6 32. Nf5 Kd7 33. Rxh8 Rxh8 34. Ne3 e6 35. Rf1 Kc6 36. Ng4 Ng6 37. Ne3 Ne5 38. Ng4 Nd7 39. Ne3 Ne5 1/2-1/2

[Event "Srebrno Jezero op-A 7th"]
[Site "Srebrno Jezero"]
[Date "2013.06.15"]
[Round "2"]
[White "Djukic, Slobodan D"]
[Black "Sorgic, Dragan"]
[Result "0-1"]
[WhiteElo "2199"]
[BlackElo "2249"]
[PlyCount "70"]
[EventDate "2013.06.14"]
[EventType "swiss"]
[EventRounds "9"]
[EventCountry "SRB"]
[SourceTitle "CBM 155 Extra"]
[Source "ChessBase"]
[SourceDate "2013.08.26"]
[SourceVersion "1"]
[SourceVersionDate "2013.08.26"]
[SourceQuality "1"]

1. e4 e5 2. Nf3 Nc6 3. Bb5 a6 4. Ba4 Nf6 5. 0-0 Be7 6. Re1 b5 7. Bb3 d6 8. c3 0-0 9. d4 Bg4 10. d5 Na5 11. Bc2 c6 12. dxc6 Qc7 13. h3 Bc8 14. a4 Qxc6 15. axb5 axb5 16. Qe2 Be6 17. Nbd2 h6 18. Bd3 Nc4 19. Rxa8 Rxa8 20. b3 Nxd2 21. Bxd2 Bxb3 22. Bxb5 Qc7 23. Bd3 Ra2 24. Rb1 Be6 25. Rc1 Nd7 26. Bb1 Rb2 27. Qe1 Bc4 28. Be3 Nc5 29. Nd2 Nd3 30. Nxc4 Rxb1 31. Rxb1 Nxe1 32. Nb6 Nd3 33. Nd5 Qd7 34. Rb8+ Kh7 35. Bb6 Nf4 0-1

[Event "Srebrno Jezero op-A 7th"]
[Site "Srebrno Jezero"]
[Date "2013.06.14"]
[Round "1"]
[White "Markovic, Zoran S"]
[Black "Djukic, Slobodan D"]
[Result "1-0"]
[WhiteElo "2372"]
[BlackElo "2199"]
[PlyCount "73"]
[EventDate "2013.06.14"]
[EventType "swiss"]
[EventRounds "9"]
[EventCountry "SRB"]
[SourceTitle "CBM 155 Extra"]
[Source "ChessBase"]
[SourceDate "2013.08.26"]
[SourceVersion "1"]
[SourceVersionDate "2013.08.26"]
[SourceQuality "1"]

1. e4 d5 2. exd5 Qxd5 3. Nc3 Qd6 4. d4 Nf6 5. Nf3 a6 6. Bd3 Nc6 7. Ne4 Nxe4 8. Bxe4 Bg4 9. c3 f5 10. Bc2 g6 11. 0-0 0-0-0 12. Re1 e5 13. dxe5 Bxf3 14. Qxf3 Nxe5 15. Qg3 Nd3 16. Bxd3 Qxd3 17. Bg5 Qxg3 18. hxg3 Rd6 19. Re8+ Kd7 20. Rae1 h6 21. Bf4 Rd1 22. Rxd1+ Kxe8 23. Bxc7 Be7 24. Be5 Rh7 25. Kf1 Bf8 26. Bf6 Rc7 27. Rd8+ Kf7 28. Be5 Rc6 29. f4 b5 30. Ke2 h5 31. Rd7+ Ke6 32. Ra7 Be7 33. Bd4 Bf8 34. Kd3 Kd5 35. b3 Bc5 36. c4+ Kd6 37. Rg7 1-0

[Event "SRB Central-ch op"]
[Site "Pozarevac"]
[Date "2013.02.20"]
[Round "4"]
[White "Kostic, Tomislav"]
[Black "Djukic, Slobodan D"]
[Result "1/2-1/2"]
[WhiteElo "1920"]
[BlackElo "2213"]
[PlyCount "74"]
[EventDate "2013.02.18"]
[EventType "swiss"]
[EventRounds "9"]
[EventCountry "SRB"]
[SourceTitle "CBM 153 Extra"]
[Source "ChessBase"]
[SourceDate "2013.04.22"]
[SourceVersion "1"]
[SourceVersionDate "2013.04.22"]
[SourceQuality "1"]

1. e4 c5 2. Nf3 Nc6 3. d4 cxd4 4. Nxd4 Nf6 5. Nc3 d6 6. Bg5 e6 7. f4 h6 8. Bxf6 Qxf6 9. Nde2 a6 10. Qd2 Qd8 11. 0-0-0 Be7 12. Kb1 b5 13. Nd4 Qb6 14. Nxc6 Qxc6 15. Qd4 0-0 16. Be2 Bb7 17. Rhf1 Rfd8 18. Bf3 Qc5 19. a3 Bf6 20. Qxc5 dxc5 21. e5 Bxf3 22. Rxf3 Rxd1+ 23. Nxd1 Rd8 24. Rd3 Rxd3 25. cxd3 Be7 26. Kc2 f5 27. a4 g5 28. axb5 axb5 29. g3 gxf4 30. gxf4 b4 31. b3 Kf7 32. Kd2 Kg6 33. Ke2 Kf7 34. Ne3 Ke8 35. Nc4 Kd7 36. Nd2 Kc6 37. Nf3 Kd5 1/2-1/2

[Event "SRB-chT2 East CS"]
[Site "Serbia"]
[Date "2011.10.15"]
[Round "9.66"]
[White "Djukic, Slobodan D"]
[Black "Bozilov, Dragan"]
[Result "1-0"]
[WhiteElo "2176"]
[BlackElo "1887"]
[PlyCount "53"]
[EventDate "2011.09.11"]
[EventType "team"]
[EventRounds "11"]
[EventCountry "SRB"]
[SourceTitle "EXT 2015"]
[Source "ChessBase"]
[SourceDate "2014.11.20"]
[SourceVersion "1"]
[SourceVersionDate "2014.11.20"]
[SourceQuality "1"]

1. e4 c6 2. d4 d5 3. e5 Bf5 4. Nc3 e6 5. g4 Bg6 6. Nge2 c5 7. Be3 Nc6 8. Qd2 cxd4 9. Nxd4 Bb4 10. a3 Bxc3 11. Qxc3 Nge7 12. Nxc6 bxc6 13. 0-0-0 0-0 14. h4 h5 15. f3 Qd7 16. Bc5 Rfb8 17. Ba6 Rb6 18. Bd3 Bxd3 19. Qxd3 Rb5 20. Qe3 Rab8 21. b3 Ng6 22. gxh5 Nxe5 23. Qxe5 f6 24. Qd6 Qe8 25. h6 Qg6 26. hxg7 Qf5 27. Qf8+ 1-0